| 000 | 01001nab a22002537a 4500 | ||
|---|---|---|---|
| 999 |
_c6534 _d6534 |
||
| 003 | OSt | ||
| 005 | 20260223110024.0 | ||
| 008 | 190506c xxu||||| |||| 00| 0 spa d | ||
| 040 | _cPJ | ||
| 100 |
_94182 _aDíaz, Viviana Laura |
||
| 245 | 1 | 0 |
_aAmbiente y género : _bun maridaje clave para el desarrollo humano / _cViviana Laura Díaz. |
| 260 |
_aBuenos Aires : _bAbeledoPerrot, _c2024. |
||
| 300 | _ap. 3-6 | ||
| 500 | _aCita: TR LALEY AR/DOC/204/2024. | ||
| 505 | _aSumario: I. La perspectiva argentina.— II. Programa Empleo Verde. | ||
| 505 | _t¿Te interesa el texto completo? Comunicate al correo: koha@justierradelfuego.gov.ar | ||
| 650 | 0 |
_91316 _aDERECHO LABORAL |
|
| 650 | 0 |
_94044 _aPERSPECTIVA DE GÉNERO |
|
| 650 | 0 |
_9179 _aGARANTIAS CONSTITUCIONALES › |
|
| 650 | 0 |
_9217 _aPODER JUDICIAL |
|
| 650 | 0 |
_9766 _aCONSTITUCION NACIONAL |
|
| 773 | 0 |
_02751 _93202 _dBuenos Aires : AbeledoPerrot, 2013- _tRevista de derecho laboral y seguridad social. Nº 6 - Marzo 2024 |
|
| 942 |
_2udc _cANA |
||